Oeuvres Complètes

Zapisane w:
Opis bibliograficzny
Główni autorzy: Tertuliano, Quinto Septimio Florencio (Autor), Agustín de Hipona (Autor)
Format: Książka
Język:łaciński
francuski
Wydane: París Chez Firmin Didot et Cie 1877
Wydanie:1a. ed
Seria:Colecction des Auteurs Latins, 26
Hasła przedmiotowe:
Etykiety: Dodaj etykietę
Nie ma etykietki, Dołącz pierwszą etykiete!

MARC

LEADER 00000nam a2200000 a 4500
001 UCJ8519
003 CL-VaPUC
008 070124e18770000FR |||||||||||||||||lat|d
041 0 7 |a lat  |2 CL-VaPUC 
041 0 7 |a fre  |2 CL-VaPUC 
082 0 4 |a 870  |b TER  |2 21 
100 0 |a Tertuliano, Quinto Septimio Florencio  |e author  |9 517306 
700 0 |a Agustín de Hipona  |e author  |9 512434 
245 1 0 |a Oeuvres Complètes 
250 |a 1a. ed 
300 |a 816 p 
942 |c BK 
945 |d 20070124 00:00:00  |a rinostro 
260 |a París  |b Chez Firmin Didot et Cie  |c 1877 
500 |a Ex libris de Blanca Vergara Errázuriz, de la familia de los Vergara que fundaron la ciudad de Viña del Mar 
600 0 7 |a VERGARA ERRAZURIZ, BLANCA  |2 CL-VaPUC  |9 517307 
650 7 |a CLASICOS LATINOS  |2 CL-VaPUC  |9 505304 
650 0 |a Literatura latina   |9 258055 
650 7 |a BIOGRAFIA  |2 CL-VaPUC  |9 504622 
650 7 |a EX LIBRIS  |2 CL-VaPUC  |9 505186 
583 |a last modification  |c 20190801 09:41:43  |k Rodrigo Vera 
490 0 |a Colecction des Auteurs Latins, 26 
999 |c 324204  |d 324202 
952 |0 0  |1 0  |4 0  |6 870_000000000000000_TER_1877  |7 0  |8 X  |9 404173  |a FDOBUD  |b FDOBUD  |d 2019-11-22  |i 1079158  |o 870 TER 1877  |p 1079158  |r 2019-11-22  |w 2019-11-22  |y BK_X  |k BUD